|
|
|
|
| LEADER |
01069nam a2200253 a 4500 |
| 001 |
GR-Antirio1067 |
| 008 |
141106s2004 enk g 000 0 eng d |
| 020 |
|
|
|a 1852337168
|
| 040 |
|
|
|a GrPaTEI
|b gre
|c GR-PaULI
|
| 040 |
|
|
|a GrPaTEI
|b gre
|c GR-PaULI
|
| 082 |
|
0 |
|a 005.7565
|2 22
|
| 100 |
1 |
|
|a Norman, Matthew,
|d 1968-
|
| 245 |
1 |
0 |
|a Database design manual :
|b using MySQL for windows /
|c Matthen Norman.
|
| 260 |
|
|
|a London :
|b Spinger,
|c 2004
|
| 300 |
|
|
|a x, 209 σ. :
|b εικ.
|
| 500 |
|
|
|a Περιλαμβάνει ευρετήριο.
|
| 650 |
|
0 |
|a Database design
|
| 650 |
|
0 |
|a MICROSOFT WINDOWS
|
| 650 |
|
0 |
|a MySQL ( Ηλεκτρονική πηγή πληροφοριών)
|
| 650 |
|
0 |
|a SQL ( Γλώσσα προγραμματισμού υπολογιστή)
|
| 942 |
|
|
|2 ddc
|
| 952 |
|
|
|0 0
|1 0
|2 ddc
|4 0
|6 005_756500000000000_NOR
|7 0
|9 262885
|a LISK-2
|b LISK-2
|c BSC
|d 2021-01-17
|e 24
|f 0
|g 0.00
|l 0
|o 005.7565 NOR
|p 2430000007599
|r 2021-01-17 00:00:00
|t 1
|w 2021-01-17
|y BK15
|x 20141106 0 ΧΑΣΑΝΗ 1
|x GrPaTEI - Antirrio
|
| 971 |
|
|
|a .b25708661
|b 15-04-20
|c 12-09-16
|
| 999 |
|
|
|c 151419
|d 151419
|